[Event "4rd Memory of Nebesna Sotnya-2017 B"]
[Site "Lutsk"]
[Date "2017.02.17"]
[Round "15.7"]
[White "Onischuk, Vladimir"]
[Black "Fingerov, Dmitry"]
[Result "1/2-1/2"]
[WhiteElo "2684"]
[BlackElo "2335"]
[PlyCount "131"]
[EventDate "2017.02.17"]
[EventType "swiss (blitz)"]
[EventRounds "15"]
[EventCountry "UKR"]

1. e4 e6 2. d4 d5 3. Bd3 c5 4. exd5 exd5 5. Nf3 Nf6 6. O-O c4 7. Re1+ Be7 8.
Bf1 O-O 9. b3 cxb3 10. axb3 Nc6 11. Bb2 Ne4 12. c4 Bg4 13. h3 Bh5 14. cxd5 Qxd5
15. g4 Bg6 16. Bc4 Qd8 17. d5 Qb6 18. Re2 Bc5 19. dxc6 Rad8 20. Qe1 Nxf2 21.
Rxf2 Bxf2+ 22. Qxf2 Rd1+ 23. Kg2 Qxf2+ 24. Kxf2 Rxb1 25. Rxb1 Bxb1 26. cxb7 Be4
27. Ba3 Rb8 28. Ng5 Bxb7 29. Bxf7+ Kh8 30. Bc4 h6 31. Nf7+ Kh7 32. Ke3 Re8+ 33.
Kd4 Re4+ 34. Kc5 Re3 35. h4 Rg3 36. Ne5 Be4 37. Bb2 Bc2 38. b4 Bd1 39. b5 Bxg4
40. Bd4 Bf5 41. Kd6 Ra3 42. Nc6 Ra4 43. Bd5 Bd3 44. Kc5 Ra3 45. Be5 g5 46. hxg5
hxg5 47. Bb8 g4 48. Bxa7 g3 49. b6 Ba6 50. Bb8 Rc3+ 51. Kd4 Ra3 52. Be5 Ra4+
53. Kc5 Rg4 54. Bg2 Bb7 55. Kd6 Rg6+ 56. Kc7 Bxc6 57. Bxc6 g2 58. Bd4 g1=Q 59.
Bxg1 Rxg1 60. b7 Rg8 61. Bd7 Kh6 62. Be6 Rg7+ 63. Bd7 Rg8 64. Kd6 Rb8 65. Kc7
Rxb7+ 66. Kxb7 1/2-1/2

[Event "4rd Memory of Nebesna Sotnya-2017 B"]
[Site "Lutsk"]
[Date "2017.02.17"]
[Round "15.8"]
[White "Kislinsky, Alexey"]
[Black "Roshka, Yevgeniy"]
[Result "1-0"]
[WhiteElo "2590"]
[BlackElo "2299"]
[PlyCount "109"]
[EventDate "2017.02.17"]
[EventType "swiss (blitz)"]
[EventRounds "15"]
[EventCountry "UKR"]

1. e4 g6 2. d4 Bg7 3. Nc3 c6 4. Nf3 d5 5. h3 Nh6 6. Bd3 O-O 7. Qe2 Kh8 8. O-O
f6 9. Re1 Re8 10. Bf4 Nf7 11. e5 fxe5 12. Nxe5 Nxe5 13. Bxe5 Nd7 14. f4 Nxe5
15. fxe5 Qb6 16. Qe3 Qxb2 17. Ne2 Rf8 18. Rf1 Be6 19. Nf4 Bf5 20. Rab1 Qa3 21.
Rxb7 Bh6 22. Rb3 Qa4 23. Bxf5 Rxf5 24. g4 Rf7 25. Nxg6+ Kg8 26. g5 Rxf1+ 27.
Kxf1 hxg6 28. gxh6 Rf8+ 29. Kg2 Qxa2 30. Qd3 Rf5 31. Rb8+ Kh7 32. Rb7 Qa1 33.
Rxe7+ Kxh6 34. Qe3+ Rg5+ 35. Kf3 Qd1+ 36. Kf2 Qg1+ 37. Ke2 Qg2+ 38. Kd3 Qf1+
39. Kc3 Qc4+ 40. Kb2 Qb4+ 41. Ka2 Qxe7 42. h4 Kh5 43. hxg5 Qxg5 44. Qh3+ Qh4
45. Qxh4+ Kxh4 46. e6 g5 47. e7 g4 48. e8=Q Kg3 49. Qe3+ Kg2 50. Qe2+ Kh3 51.
Qf1+ Kh2 52. Qf2+ Kh1 53. Qg3 c5 54. dxc5 a5 55. Qxg4 1-0